[Event "BCF-chT3 0910 (4NCL)"]
[Site "England"]
[Date "2010.05.01"]
[Round "9.1"]
[White "Williams, Leighton"]
[Black "Jones, William EG"]
[Result "1-0"]
[WhiteElo "2400"]
[BlackElo "2097"]
[PlyCount "71"]
[EventDate "2009.10.24"]
[EventType "team-tourn"]
[EventRounds "11"]
[EventCountry "ENG"]
[SourceTitle "EXT 2011"]
[Source "ChessBase"]
[SourceDate "2010.11.26"]
[SourceVersion "1"]
[SourceVersionDate "2010.11.26"]
[SourceQuality "1"]
[WhiteTeam "Rhyfelwyr Essyllwg"]
[BlackTeam "KJCA Kings"]
[WhiteTeamCountry "ENG"]
[BlackTeamCountry "ENG"]

1. d4 Nf6 2. c4 g6 3. Nc3 Bg7 4. e4 d6 5. Be2 0-0 6. Nf3 e5 7. d5 a5 8. Bg5 Na6 9. Nd2 Qe8 10. 0-0 Kh8 11. Be3 Bd7 12. Rb1 Ng8 13. f3 f5 14. Kh1 f4 15. Bg1 g5 16. b3 Qg6 17. a3 Nh6 18. b4 axb4 19. axb4 Bf6 20. c5 g4 21. c6 bxc6 22. dxc6 Bc8 23. fxg4 Nxg4 24. Nd5 Rg8 25. Bf3 Bh4 26. Qe2 Be6 27. h3 Nf6 28. Ne7 Qh6 29. Nxg8 Rxg8 30. Rfc1 Bg3 31. Nf1 Nb8 32. b5 d5 33. exd5 Bxh3 34. gxh3 Qxh3+ 35. Nh2 e4 36. Bxe4 1-0

[Event "WLS-ch"]
[Site "Cardiff"]
[Date "2008.03.24"]
[Round "7"]
[White "Williams, Leighton"]
[Black "Jameson, David"]
[Result "1-0"]
[WhiteElo "2389"]
[BlackElo "2033"]
[PlyCount "109"]
[EventDate "2008.03.21"]
[EventType "swiss"]
[EventRounds "7"]
[EventCountry "WLS"]
[SourceTitle "CBM 123 Extra"]
[Source "ChessBase"]
[SourceDate "2008.05.06"]
[SourceVersion "1"]
[SourceVersionDate "2008.05.06"]
[SourceQuality "1"]

1. d4 d5 2. c4 e6 3. Nc3 c6 4. Nf3 Nf6 5. Bg5 Be7 6. e3 0-0 7. Qc2 h6 8. Bf4 Nbd7 9. h3 b6 10. cxd5 Nxd5 11. Bg3 Nxc3 12. bxc3 Bb7 13. Bd3 c5 14. 0-0 Bf6 15. e4 Qc8 16. Qe2 a5 17. e5 Be7 18. Nd2 Rd8 19. f4 Ba6 20. f5 Bxd3 21. Qxd3 cxd4 22. cxd4 Nc5 23. Qe3 exf5 24. Rac1 Qd7 25. dxc5 Bxc5 26. Rxc5 bxc5 27. Nc4 Qd4 28. Rc1 Qxe3+ 29. Nxe3 Rd3 30. Nxf5 g6 31. Nxh6+ Kg7 32. Bf4 Rc8 33. Ng4 c4 34. Rc2 c3 35. Kf2 Rd4 36. Bh6+ Kh7 37. Be3 Rb4 38. Bc1 g5 39. a3 Rb5 40. Bxg5 Rb2 41. Ne3 Kg6 42. h4 Rc5 43. Bf4 Rd5 44. Kf3 Rd3 45. Rc1 c2 46. Ke4 Rxa3 47. h5+ Kh7 48. Kf5 Rc3 49. Nd5 Rd3 50. Nf6+ Kh8 51. Ra1 Rd4 52. Be3 Rd3 53. Bh6 Rb5 54. Bf8 Rd1 55. h6 1-0

[Event "WLS-ch"]
[Site "Cardiff"]
[Date "2008.03.23"]
[Round "5"]
[White "Morris, Gareth"]
[Black "Williams, Leighton"]
[Result "0-1"]
[WhiteElo "2118"]
[BlackElo "2389"]
[PlyCount "56"]
[EventDate "2008.03.21"]
[EventType "swiss"]
[EventRounds "7"]
[EventCountry "WLS"]
[SourceTitle "CBM 123 Extra"]
[Source "ChessBase"]
[SourceDate "2008.05.06"]
[SourceVersion "1"]
[SourceVersionDate "2008.05.06"]
[SourceQuality "1"]

1. d4 d5 2. c4 dxc4 3. e4 Nc6 4. Be3 Nf6 5. f3 e5 6. d5 Nd4 7. Bxc4 c6 8. dxc6 bxc6 9. Ne2 Bc5 10. Kf2 Qb6 11. b4 Qxb4 12. Qc1 0-0 13. Re1 Nc2 14. Qxc2 Bxe3+ 15. Kf1 Bb6 16. Rc1 Ng4 17. fxg4 Qc5 18. Nf4 Qg1+ 19. Ke2 Qf2+ 20. Kd1 Bxg4+ 21. Be2 Rfd8+ 22. Nd3 Qf1+ 23. Kd2 Ba5+ 24. Ke3 Rxd3+ 25. Kxd3 Rd8+ 26. Kc4 Be6+ 27. Kc5 Qf2+ 28. Kxc6 Qb6# 0-1

[Event "WLS-ch"]
[Site "Cardiff"]
[Date "2008.03.23"]
[Round "4"]
[White "Williams, Leighton"]
[Black "Cobb, James"]
[Result "1/2-1/2"]
[WhiteElo "2389"]
[BlackElo "2412"]
[PlyCount "46"]
[EventDate "2008.03.21"]
[EventType "swiss"]
[EventRounds "7"]
[EventCountry "WLS"]
[SourceTitle "CBM 123 Extra"]
[Source "ChessBase"]
[SourceDate "2008.05.06"]
[SourceVersion "1"]
[SourceVersionDate "2008.05.06"]
[SourceQuality "1"]

1. e4 e5 2. Nf3 Nc6 3. d4 exd4 4. Nxd4 Bc5 5. Nxc6 Qf6 6. Qf3 bxc6 7. Nd2 Bb6 8. a4 Bd4 9. Bc4 Ne7 10. Qxf6 Bxf6 11. f4 d6 12. Nf3 d5 13. e5 Bxe5 14. Nxe5 dxc4 15. Nxc4 Bf5 16. c3 Nd5 17. Kf2 0-0 18. Re1 Rfe8 19. Bd2 f6 20. Rxe8+ Rxe8 21. Re1 Rxe1 22. Kxe1 Be4 23. g3 Nb6 1/2-1/2

[Event "WLS-chT 0708"]
[Site "Wales"]
[Date "2008.03.12"]
[Round "6"]
[White "Kendall, Paul SN"]
[Black "Williams, Leighton"]
[Result "0-1"]
[WhiteElo "2254"]
[BlackElo "2359"]
[PlyCount "138"]
[EventDate "2007.10.07"]
[EventType "team-swiss"]
[EventRounds "7"]
[EventCountry "WLS"]
[SourceTitle "EXT 2010"]
[Source "ChessBase"]
[SourceDate "2010.11.25"]
[SourceVersion "1"]
[SourceVersionDate "2010.11.25"]
[SourceQuality "1"]

1. e4 e6 2. d4 d5 3. Nc3 Bb4 4. e5 c5 5. a3 Bxc3+ 6. bxc3 Qc7 7. Nf3 Ne7 8. a4 b6 9. Bb5+ Bd7 10. Bd3 Nbc6 11. 0-0 h6 12. Ba3 Na5 13. Qd2 0-0 14. Qe3 Rfc8 15. Nh4 Bxa4 16. dxc5 bxc5 17. Bc1 Be8 18. Qg3 Kh8 19. f4 Nac6 20. f5 Qxe5 21. Bf4 Qxc3 22. fxe6 f6 23. Rae1 c4 24. Be2 Qxg3 25. Bxg3 a5 26. Nf5 a4 27. Nd6 Rd8 28. Nb7 Rdc8 29. Nd6 Rcb8 30. Nf7+ Bxf7 31. exf7 Rf8 32. Bh5 g6 33. Bd6 Rxf7 34. Bf3 Rd8 35. Bc7 Rd7 36. Bf4 Kg7 37. Re6 Nd4 38. Ra6 Nxf3+ 39. Rxf3 Nf5 40. Rxa4 Nd4 41. Rf2 Ra7 42. Rxa7 Rxa7 43. Rd2 Ne6 44. Be3 Rd7 45. c3 g5 46. Ra2 Rd6 47. Ra7+ Kg6 48. g4 d4 49. cxd4 Nxd4 50. Rc7 Rc6 51. Re7 Ne6 52. Bd2 Nf4 53. h4 c3 54. h5+ Nxh5 55. gxh5+ Kxh5 56. Bc1 f5 57. Kf2 Kg4 58. Ke3 h5 59. Kd3 h4 60. Re1 f4 61. Ba3 c2 62. Bb2 h3 63. Bc3 h2 64. Kxc2 Kh3 65. Kd3 Rxc3+ 66. Kxc3 g4 67. Kd3 g3 68. Ke4 g2 69. Kxf4 g1Q 0-1

[Event "WLS-chT 0708"]
[Site "Wales"]
[Date "2007.10.15"]
[Round "2"]
[White "Rees, Gwynfor"]
[Black "Williams, Leighton"]
[Result "0-1"]
[WhiteElo "2096"]
[BlackElo "2359"]
[PlyCount "50"]
[EventDate "2007.10.07"]
[EventType "team-swiss"]
[EventRounds "7"]
[EventCountry "WLS"]
[SourceTitle "EXT 2010"]
[Source "ChessBase"]
[SourceDate "2010.11.25"]
[SourceVersion "1"]
[SourceVersionDate "2010.11.25"]
[SourceQuality "1"]

1. Nf3 Nf6 2. c4 Nc6 3. d4 e6 4. a3 d6 5. Nc3 g6 6. h3 Bg7 7. e4 0-0 8. Be3 Re8 9. Be2 e5 10. d5 Nd4 11. Nxd4 exd4 12. Bxd4 Nxe4 13. Bxg7 Kxg7 14. Qd4+ Qf6 15. Qxf6+ Kxf6 16. Nxe4+ Rxe4 17. f3 Re7 18. Kd2 Bf5 19. Rhe1 Rae8 20. g4 Bd7 21. Bf1 Rxe1 22. Rxe1 Rxe1 23. Kxe1 Ke5 24. Ke2 Kd4 25. Kd2 Ba4 0-1

[Event "WLS-chT 0607"]
[Site "Wales"]
[Date "2007.03.14"]
[Round "6"]
[White "Thomas, Jac"]
[Black "Williams, Leighton"]
[Result "0-1"]
[WhiteElo "1964"]
[BlackElo "2359"]
[PlyCount "112"]
[EventDate "2006.09.26"]
[EventType "team-tourn"]
[EventRounds "7"]
[EventCountry "WLS"]
[SourceTitle "EXT 2010"]
[Source "ChessBase"]
[SourceDate "2010.11.25"]
[SourceVersion "1"]
[SourceVersionDate "2010.11.25"]
[SourceQuality "1"]

1. e4 e5 2. Bc4 Nf6 3. Nf3 Nc6 4. d3 Bc5 5. Nc3 d6 6. Be3 Bb6 7. Qd2 Nd4 8. Bxd4 exd4 9. Ne2 c5 10. 0-0 0-0 11. Ng3 Bg4 12. Rfe1 Ba5 13. c3 d5 14. exd5 Bxf3 15. gxf3 dxc3 16. bxc3 Nxd5 17. Rac1 Bc7 18. Re4 f5 19. Bxd5+ Qxd5 20. Re7 Bd6 21. Ree1 Qxf3 22. Qe2 Qxe2 23. Rxe2 g6 24. Re6 Rad8 25. Rd1 Rfe8 26. Rxe8+ Rxe8 27. Kg2 Kf7 28. Kf3 h5 29. h3 Kf6 30. Ne2 g5 31. Ng3 h4 32. Nf1 Bf4 33. Ne3 Rd8 34. c4 Ke6 35. Nd5 Rxd5 36. cxd5+ Kxd5 37. Ke2 b5 38. Rb1 a6 39. f3 Kd4 40. Rb3 Bd6 41. Rb1 Kc3 42. Rg1 Bf4 43. Rb1 Kc2 44. Rb3 b4 45. d4 cxd4 46. Rd3 Be3 47. Rb3 a5 48. Rd3 Kb2 49. Rd1 Kxa2 50. f4 gxf4 51. Kd3 f3 52. Kc2 b3+ 53. Kd3 b2 54. Kc2 Bc1 55. Rxd4 b1Q+ 56. Kc3 Qb3# 0-1

[Event "Olympiad-37"]
[Site "Turin"]
[Date "2006.05.27"]
[Round "6"]
[White "Williams, Leighton"]
[Black "Hamad, Ahmad"]
[Result "1/2-1/2"]
[WhiteElo "2348"]
[BlackElo "2286"]
[PlyCount "119"]
[EventDate "2006.05.21"]
[EventType "team-swiss"]
[EventRounds "13"]
[EventCountry "ITA"]
[SourceTitle "CBM 113"]
[Source "ChessBase"]
[SourceDate "2006.07.31"]
[SourceVersion "1"]
[SourceVersionDate "2006.07.31"]
[SourceQuality "1"]
[WhiteTeam "Wales"]
[BlackTeam "Syria"]
[WhiteTeamCountry "WLS"]
[BlackTeamCountry "SYR"]

1. e4 d5 2. exd5 Qxd5 3. Nc3 Qd6 4. d4 a6 5. Nf3 Nf6 6. g3 Bg4 7. Bg2 Nc6 8. 0-0 0-0-0 9. d5 Ne5 10. Bf4 Nxf3+ 11. Bxf3 Bxf3 12. Qxf3 e5 13. dxe6 Qxe6 14. Bg5 Bd6 15. Rfe1 Be5 16. Bf4 Nd7 17. Nd5 f6 18. c4 g5 19. Bd2 h5 20. Ba5 Qg4 21. Qxg4 hxg4 22. Rad1 b6 23. Bb4 Bxb2 24. Re7 a5 25. Be1 c6 26. Ne3 Ne5 27. Rb1 Bd4 28. Rxe5 fxe5 29. Nxg4 Rhf8 30. Rc1 e4 31. Rc2 Bc5 32. Bd2 Rf5 33. Kg2 a4 34. Be3 Bxe3 35. Nxe3 Rc5 36. Rb2 b5 37. cxb5 cxb5 38. h4 gxh4 39. gxh4 a3 40. Re2 Rg8+ 41. Kh2 b4 42. Nc2 Rc4 43. Ne3 Rc1 44. Nd5 Rg4 45. Nxb4 e3 46. Nc2 exf2 47. Rxf2 Rxh4+ 48. Kg3 Rc4 49. Ne3 R4c3 50. Kf4 Rb1 51. Rc2 Rxc2 52. Nxc2 Rb2 53. Nxa3 Kd7 54. Ke4 Kc6 55. Nc4 Rxa2 56. Ne5+ Kd6 57. Nd3 Ra4+ 58. Ke3 Ke6 59. Nc5+ Ke5 60. Nxa4 1/2-1/2

[Event "Olympiad-37"]
[Site "Turin"]
[Date "2006.05.21"]
[Round "1"]
[White "Aleksandrov, Aleksej"]
[Black "Williams, Leighton"]
[Result "0-1"]
[WhiteElo "2634"]
[BlackElo "2348"]
[PlyCount "60"]
[EventDate "2006.05.21"]
[EventType "team-swiss"]
[EventRounds "13"]
[EventCountry "ITA"]
[SourceTitle "CBM 113"]
[Source "ChessBase"]
[SourceDate "2006.07.31"]
[SourceVersion "1"]
[SourceVersionDate "2006.07.31"]
[SourceQuality "1"]
[WhiteTeam "Belarus"]
[BlackTeam "Wales"]
[WhiteTeamCountry "BLR"]
[BlackTeamCountry "WLS"]

1. d4 d5 2. c4 dxc4 3. Nf3 a6 4. e3 Bg4 5. Bxc4 e6 6. Qb3 Bxf3 7. gxf3 b5 8. Be2 Nd7 9. a4 c6 10. e4 Ngf6 11. Be3 Be7 12. Nd2 0-0 13. 0-0 e5 14. dxe5 Nxe5 15. Rfd1 Qc8 16. Qc3 Ng6 17. axb5 axb5 18. Rxa8 Qxa8 19. Rc1 Qa2 20. b3 b4 21. Qxc6 Nh5 22. Qc7 h6 23. Qa7 Qxa7 24. Bxa7 Nhf4 25. Ba6 Bd6 26. Be3 Nh4 27. Rc6 Rd8 28. Rc8 Rxc8 29. Bxc8 g5 30. Bd4 Ne2+ 0-1

[Event "WLS-ch"]
[Site "Hensol Park"]
[Date "2006.04.16"]
[Round "5"]
[White "Williams, Leighton"]
[Black "Jones, Richard S"]
[Result "1/2-1/2"]
[WhiteElo "2348"]
[BlackElo "2308"]
[PlyCount "70"]
[EventDate "2006.04.14"]
[EventType "swiss"]
[EventRounds "7"]
[EventCountry "WLS"]
[SourceTitle "EXT 2007"]
[Source "ChessBase"]
[SourceDate "2006.11.23"]
[SourceVersion "1"]
[SourceVersionDate "2006.11.23"]
[SourceQuality "1"]

1. d4 Nf6 2. c4 g6 3. Nc3 Bg7 4. e4 0-0 5. Be2 d6 6. Nf3 e5 7. 0-0 Nc6 8. d5 Ne7 9. Bd2 Nd7 10. Rc1 f5 11. Ne1 Nf6 12. f3 f4 13. Nd3 g5 14. c5 Ng6 15. cxd6 cxd6 16. Nf2 Rf7 17. Nb5 h5 18. Qc2 Ne8 19. a4 Bd7 20. Bb4 Bf8 21. Qb3 g4 22. fxg4 hxg4 23. Bxg4 Bxg4 24. Nxg4 a6 25. Na3 Qb6+ 26. Kh1 a5 27. Rc4 axb4 28. Rxb4 Qa6 29. Nc4 Rc8 30. Rc1 Qa7 31. Rd1 Qc5 32. Nb6 Rcc7 33. Na8 Rc8 34. Nb6 Rcc7 35. Na8 Rc8 1/2-1/2

[Event "WLS-ch"]
[Site "Hensol Park"]
[Date "2006.04.14"]
[Round "1"]
[White "Williams, Leighton"]
[Black "Van Kemenade, Rudy"]
[Result "1-0"]
[WhiteElo "2348"]
[BlackElo "2068"]
[PlyCount "69"]
[EventDate "2006.04.14"]
[EventType "swiss"]
[EventRounds "7"]
[EventCountry "WLS"]
[SourceTitle "EXT 2007"]
[Source "ChessBase"]
[SourceDate "2006.11.23"]
[SourceVersion "1"]
[SourceVersionDate "2006.11.23"]
[SourceQuality "1"]

1. d4 Nf6 2. c4 e5 3. dxe5 Ng4 4. Nf3 Bc5 5. e3 Nc6 6. Be2 0-0 7. Nc3 Re8 8. 0-0 a5 9. Ne4 Bf8 10. Nfg5 Ngxe5 11. f4 h6 12. Nh3 Nxc4 13. Bxc4 Rxe4 14. Bxf7+ Kh8 15. Ng5 Qf6 16. Bb3 Re8 17. Qd5 Ne7 18. Nf7+ Kh7 19. Qd3+ g6 20. Ng5+ hxg5 21. fxg5 Qxg5 22. e4 Qh5 23. Rf7+ Bg7 24. Rxg7+ Kxg7 25. Qd4+ Kh7 26. Qf6 g5 27. Bxg5 d5 28. Rf1 Ng8 29. Qf4 Bd7 30. exd5 Rf8 31. Bc2+ Qg6 32. Qf7+ Rxf7 33. Rxf7+ Kh8 34. Bxg6 Be8 35. Rh7# 1-0

[Event "WLS-ch"]
[Site "Cardiff"]
[Date "2005.03.28"]
[Round "7"]
[White "May, Frank"]
[Black "Williams, Leighton"]
[Result "0-1"]
[WhiteElo "2144"]
[BlackElo "2336"]
[PlyCount "77"]
[EventDate "2005.03.25"]
[EventType "swiss"]
[EventRounds "7"]
[EventCountry "WLS"]
[SourceTitle "EXT 2006"]
[Source "ChessBase"]
[SourceDate "2005.11.24"]
[SourceVersion "1"]
[SourceVersionDate "2005.11.24"]
[SourceQuality "1"]

1. d4 Nf6 2. c4 g6 3. Nc3 Bg7 4. e4 0-0 5. f4 d6 6. Nf3 c5 7. dxc5 Qa5 8. Bd3 Qxc5 9. Qe2 Nc6 10. Be3 Qa5 11. Rc1 Bg4 12. 0-0 Nd7 13. Qd2 Rac8 14. Be2 Nc5 15. h3 Bd7 16. Qc2 f5 17. exf5 Bxf5 18. Qd2 Rcd8 19. Nd4 e5 20. Nxc6 bxc6 21. Rcd1 Ne6 22. fxe5 dxe5 23. Qc1 Nd4 24. Bg4 Bxg4 25. hxg4 Qb4 26. Rxf8+ Rxf8 27. Bxd4 exd4 28. Ne4 Qe7 29. Qc2 Re8 30. Re1 Rd8 31. Qd3 Qh4 32. Rf1 Qxg4 33. c5 Re8 34. Nd6 Re3 35. Qc4+ Qe6 36. Qxe6+ Rxe6 37. Rf3 Bf8 38. Nb7 Re5 39. Rd3 0-1

[Event "WLS-ch"]
[Site "Cardiff"]
[Date "2005.03.26"]
[Round "2"]
[White "Williams, Leighton"]
[Black "Gilbert, Jonathan A"]
[Result "1-0"]
[WhiteElo "2336"]
[BlackElo "2075"]
[PlyCount "51"]
[EventDate "2005.03.25"]
[EventType "swiss"]
[EventRounds "7"]
[EventCountry "WLS"]
[SourceTitle "EXT 2006"]
[Source "ChessBase"]
[SourceDate "2005.11.24"]
[SourceVersion "1"]
[SourceVersionDate "2005.11.24"]
[SourceQuality "1"]

1. e4 c5 2. Nf3 d6 3. d4 cxd4 4. Nxd4 Nf6 5. Nc3 a6 6. Bc4 e6 7. Bb3 Nbd7 8. Bg5 Nc5 9. f4 Qa5 10. Bxf6 gxf6 11. 0-0 Bd7 12. f5 0-0-0 13. Kh1 h5 14. Qf3 Be7 15. Rfd1 Rdg8 16. Bc4 Rg4 17. a3 Nxe4 18. Nxe4 Qe5 19. Qc3 Rxe4 20. Bxe6+ Kd8 21. Bxf7 Bxf5 22. Nxf5 Qxf5 23. Bd5 Re2 24. Qa5+ Kd7 25. Bc6+ Ke6 26. Bd7+ 1-0

[Event "Olympiad-36"]
[Site "Mallorca"]
[Date "2004.10.25"]
[Round "10"]
[White "Dervishi, Erald"]
[Black "Williams, Leighton"]
[Result "1/2-1/2"]
[WhiteElo "2502"]
[BlackElo "2355"]
[PlyCount "113"]
[EventDate "2004.10.15"]
[EventType "team-swiss"]
[EventRounds "14"]
[EventCountry "ESP"]
[SourceTitle "CBM 104"]
[Source "ChessBase"]
[SourceDate "2005.01.27"]
[SourceVersion "1"]
[SourceVersionDate "2005.01.27"]
[SourceQuality "1"]
[WhiteTeam "Albania"]
[BlackTeam "Wales"]
[WhiteTeamCountry "ALB"]
[BlackTeamCountry "WLS"]

1. e4 c5 2. Nf3 Nc6 3. d4 cxd4 4. Nxd4 Nf6 5. Nc3 d6 6. Bc4 e6 7. Be3 a6 8. Qe2 Qc7 9. Bb3 Na5 10. 0-0-0 b5 11. f3 Be7 12. g4 b4 13. Na4 Nxb3+ 14. axb3 Nd7 15. g5 Nc5 16. Kb1 Bd7 17. h4 Nxa4 18. bxa4 Bxa4 19. h5 Bd7 20. f4 Rc8 21. g6 fxg6 22. hxg6 h6 23. f5 e5 24. Bxh6 gxh6 25. g7 Rg8 26. Rxh6 Qc4 27. Qxc4 Rxc4 28. Nb3 Rxg7 29. f6 Rg2 30. fxe7 Rcxc2 31. Rh8+ Kxe7 32. Rh7+ Ke8 33. Rh8+ Kf7 34. Rh7+ Kg6 35. Rxd7 Rxb2+ 36. Ka1 Ra2+ 37. Kb1 Rgb2+ 38. Kc1 Rxb3 39. R1xd6+ Kg5 40. Rf7 Rh3 41. Rf5+ Kh4 42. Rh6+ Kg3 43. Rxh3+ Kxh3 44. Rxe5 Kg4 45. Rc5 a5 46. Kb1 b3 47. Rb5 a4 48. e5 Kf5 49. Rc5 Ke6 50. Rb5 Kf5 51. Rc5 a3 52. Rc3 Rb2+ 53. Ka1 Kxe5 54. Re3+ Kd4 55. Rd3+ Kc4 56. Rc3+ Kb4 57. Rc4+ 1/2-1/2

[Event "Olympiad-36"]
[Site "Mallorca"]
[Date "2004.10.22"]
[Round "7"]
[White "Williams, Leighton"]
[Black "Baburin, Alexander"]
[Result "0-1"]
[WhiteElo "2355"]
[BlackElo "2527"]
[PlyCount "78"]
[EventDate "2004.10.15"]
[EventType "team-swiss"]
[EventRounds "14"]
[EventCountry "ESP"]
[SourceTitle "CBM 104"]
[Source "ChessBase"]
[SourceDate "2005.01.27"]
[SourceVersion "1"]
[SourceVersionDate "2005.01.27"]
[SourceQuality "1"]
[WhiteTeam "Wales"]
[BlackTeam "Ireland"]
[WhiteTeamCountry "WLS"]
[BlackTeamCountry "IRL"]

1. e4 Nf6 2. e5 Nd5 3. d4 d6 4. c4 Nb6 5. exd6 exd6 6. Nc3 Nc6 7. Be2 Be7 8. Nf3 0-0 9. 0-0 Bg4 10. b3 Bf6 11. Be3 d5 12. c5 Nc8 13. h3 Be6 14. b4 a6 15. b5 axb5 16. Nxb5 N6a7 17. Nc3 b6 18. cxb6 Nxb6 19. Ne5 c5 20. dxc5 Bxe5 21. cxb6 d4 22. bxa7 dxe3 23. Qxd8 Rfxd8 24. Rfd1 exf2+ 25. Kxf2 Bd4+ 26. Rxd4 Rxd4 27. Rb1 Rdd8 28. Rb7 Bc8 29. Re7 Bd7 30. Bc4 Rxa7 31. Rxf7 Kh8 32. Bb3 Raa8 33. g4 Rf8 34. Kg3 Rxf7 35. Bxf7 Bc6 36. g5 Rf8 37. Bh5 Rf5 38. h4 h6 39. Bg6 Rf3+ 0-1

[Event "Olympiad-36"]
[Site "Mallorca"]
[Date "2004.10.16"]
[Round "2"]
[White "Williams, Leighton"]
[Black "Frick, Renato"]
[Result "1/2-1/2"]
[WhiteElo "2355"]
[BlackElo "2151"]
[PlyCount "120"]
[EventDate "2004.10.15"]
[EventType "team-swiss"]
[EventRounds "14"]
[EventCountry "ESP"]
[SourceTitle "CBM 104"]
[Source "ChessBase"]
[SourceDate "2005.01.27"]
[SourceVersion "1"]
[SourceVersionDate "2005.01.27"]
[SourceQuality "1"]
[WhiteTeam "Wales"]
[BlackTeam "Liechtenstein"]
[WhiteTeamCountry "WLS"]
[BlackTeamCountry "LIE"]

1. d4 Nf6 2. c4 e6 3. Nc3 d5 4. Bg5 Be7 5. e3 Nbd7 6. Qc2 0-0 7. cxd5 exd5 8. Bd3 c6 9. Nf3 Re8 10. 0-0 Nf8 11. Rab1 Be6 12. b4 b5 13. Rfc1 N6d7 14. Bxe7 Qxe7 15. e4 Nb6 16. Re1 Qb7 17. e5 a5 18. bxa5 Rxa5 19. Nd2 Rea8 20. f4 g6 21. f5 gxf5 22. Bxf5 Qe7 23. Nb3 Ra3 24. Bd3 Qg5 25. Nc5 Qh4 26. Nb3 Nc4 27. Qc1 b4 28. Ne4 Rxa2 29. Ng3 Ng6 30. Rf1 Nd2 31. Qxc6 Nxb3 32. Rxb3 Qxd4+ 33. Kh1 Nxe5 34. Qb5 R2a5 35. Ne2 Qxd3 36. Qxd3 Nxd3 37. Rxd3 Ra3 38. Rd4 Re3 39. Nf4 Re4 40. Rdd1 Rd8 41. Rb1 Rd4 42. h3 Bf5 43. Rb3 Bg6 44. Ne2 Rc4 45. Rf4 Rdc8 46. Rxb4 Rxb4 47. Rxb4 Be4 48. Rb2 Rc3 49. Rd2 Rxh3+ 50. Kg1 Rh5 51. Nf4 Rg5 52. Kf2 h5 53. g3 Kg7 54. Ra2 Re5 55. Ra6 Bc2 56. Rd6 Bb3 57. Kf3 Bc4 58. Kf2 Bb3 59. Kf3 Rg5 60. Kf2 Re5 1/2-1/2

[Event "WLS-ch 50th"]
[Site "Cardiff"]
[Date "2004.04.10"]
[Round "2"]
[White "James, David J"]
[Black "Williams, Leighton"]
[Result "1-0"]
[WhiteElo "2258"]
[BlackElo "2362"]
[PlyCount "105"]
[EventDate "2004.04.09"]
[EventType "swiss"]
[EventRounds "7"]
[EventCountry "WLS"]
[SourceTitle "EXT 2006"]
[Source "ChessBase"]
[SourceDate "2005.11.24"]
[SourceVersion "1"]
[SourceVersionDate "2005.11.24"]
[SourceQuality "1"]

1. Nf3 Nf6 2. c4 g6 3. Nc3 Bg7 4. d4 0-0 5. Bg5 c5 6. d5 h6 7. Bh4 d6 8. e4 Qa5 9. Nd2 g5 10. Bg3 Nxe4 11. Ndxe4 f5 12. Nd2 f4 13. Bd3 Bxc3 14. bxc3 Qxc3 15. Be4 Nd7 16. Rc1 Qf6 17. 0-0 Ne5 18. h3 fxg3 19. fxg3 Qg7 20. Rxf8+ Kxf8 21. Qb3 b6 22. Nf3 Bd7 23. Rf1 Nxf3+ 24. Qxf3+ Kg8 25. Kh2 b5 26. cxb5 Bxb5 27. Rf2 Rf8 28. Bh7+ Kxh7 29. Qxf8 Qxf8 30. Rxf8 Kg7 31. Rb8 a6 32. Kg1 Bc4 33. a3 Bxd5 34. Kf2 a5 35. Re8 Kf6 36. Rh8 Ke5 37. Ke3 Bxg2 38. h4 d5 39. Rxh6 gxh4 40. Rh5+ Kd6 41. gxh4 d4+ 42. Kd2 Be4 43. Rg5 e5 44. h5 c4 45. h6 c3+ 46. Kc1 d3 47. Rg3 Kd5 48. Kd1 a4 49. Rh3 Bf5 50. Rh4 e4 51. Rh5 e3 52. Rxf5+ Ke6 53. Rf3 1-0

[Event "BCF-chT3 0304 (4NCL)"]
[Site "West Bromwich"]
[Date "2004.03.28"]
[Round "6.1"]
[White "Reynolds, D Ian W"]
[Black "Williams, Leighton"]
[Result "0-1"]
[WhiteElo "2103"]
[BlackElo "2362"]
[PlyCount "64"]
[EventDate "2003.11.23"]
[EventType "team"]
[EventRounds "11"]
[EventCountry "ENG"]
[SourceTitle "EXT 2005"]
[Source "ChessBase"]
[SourceDate "2004.11.15"]
[SourceVersion "1"]
[SourceVersionDate "2004.11.15"]
[SourceQuality "1"]
[WhiteTeam "South County Stars"]
[BlackTeam "Nidum Liberals"]
[WhiteTeamCountry "ENG"]
[BlackTeamCountry "ENG"]

1. e4 c5 2. c3 g6 3. d4 cxd4 4. cxd4 d5 5. exd5 Nf6 6. Bb5+ Bd7 7. Bc4 Bg7 8. Nf3 0-0 9. 0-0 b5 10. Bb3 Bf5 11. Bg5 Ne4 12. Bf4 Nd7 13. Nbd2 Nb6 14. Nxe4 Bxe4 15. d6 exd6 16. Re1 Bb7 17. Bg5 Bxf3 18. Qd2 Bf6 19. Bxf6 Qxf6 20. gxf3 Qxf3 21. Re3 Qf4 22. Rae1 Qg5+ 23. Kh1 Nd5 24. Rg1 Qf5 25. Reg3 Kg7 26. Bc2 Qf4 27. Qxf4 Nxf4 28. Re3 Rac8 29. Bb3 a5 30. a4 bxa4 31. Bxa4 Rc4 32. Re4 Nh3 0-1

[Event "BCF-chT3 0304 (4NCL)"]
[Site "West Bromwich"]
[Date "2004.03.27"]
[Round "5.1"]
[White "Williams, Leighton"]
[Black "MacDonald Ross, Michael"]
[Result "1-0"]
[WhiteElo "2362"]
[BlackElo "2215"]
[PlyCount "45"]
[EventDate "2003.11.23"]
[EventType "team"]
[EventRounds "11"]
[EventCountry "ENG"]
[SourceTitle "EXT 2005"]
[Source "ChessBase"]
[SourceDate "2004.11.15"]
[SourceVersion "1"]
[SourceVersionDate "2004.11.15"]
[SourceQuality "1"]
[WhiteTeam "Nidum Liberals"]
[BlackTeam "FCA Solutions"]
[WhiteTeamCountry "ENG"]
[BlackTeamCountry "ENG"]

1. e4 d6 2. d4 Nf6 3. Nc3 c6 4. h3 Nbd7 5. g4 e5 6. Nge2 Be7 7. Bg2 h5 8. g5 Nh7 9. h4 Nhf8 10. d5 Nb6 11. Ng3 g6 12. 0-0 f6 13. f4 Bg4 14. Qe1 fxg5 15. fxg5 Nfd7 16. a4 a5 17. Nd1 Nc5 18. b3 Nbd7 19. Ne3 Qc7 20. Bd2 Bd8 21. Nh1 Nb8 22. Nc4 Bc8 23. Qf2 1-0

[Event "Wales Fishguard op"]
[Site "Wales"]
[Date "2004.??.??"]
[Round "5"]
[White "Williams, Leighton"]
[Black "Bennion, David"]
[Result "1-0"]
[WhiteElo "2370"]
[BlackElo "2055"]
[PlyCount "75"]
[EventDate "2004.??.??"]
[EventType "swiss"]
[EventRounds "5"]
[EventCountry "WLS"]
[SourceTitle "EXT 2007"]
[Source "ChessBase"]
[SourceDate "2006.11.23"]
[SourceVersion "1"]
[SourceVersionDate "2006.11.23"]
[SourceQuality "1"]

1. d4 Nf6 2. c4 g6 3. Nc3 d5 4. cxd5 Nxd5 5. e4 Nxc3 6. bxc3 c5 7. Bb5+ Bd7 8. Bc4 b5 9. Bb3 Bg7 10. Qf3 0-0 11. Ne2 Nc6 12. Bb2 h5 13. Qg3 c4 14. Bc2 e5 15. d5 Ne7 16. Ba3 Bf6 17. 0-0 Kg7 18. f4 h4 19. fxe5 hxg3 20. exf6+ Kg8 21. fxe7 Qb6+ 22. Nd4 gxh2+ 23. Kh1 Rfe8 24. e5 Kg7 25. Rxf7+ Kxf7 26. e6+ Bxe6 27. dxe6+ Kg7 28. Rf1 a5 29. Rf7+ Kg8 30. Bxg6 b4 31. Bc1 bxc3 32. Be3 c2 33. Bh7+ Kh8 34. Bxc2 Qb4 35. Nf5 Qe1+ 36. Kxh2 Qxe3 37. Nxe3 Rac8 38. Nd5 1-0